00169nam a22000737a 4500020001500000100002100015245002900036260003000065 a0439799392 aDianne Ochiltree aSixteen Runaway Pumpkins aNew YorkbSholasticc2005